| 000 | 00547nam a2200181 a 4500 | ||
|---|---|---|---|
| 005 | 20240924065430.0 | ||
| 008 | 991125s1943 mx 000 0 spa u | ||
| 035 | _aUPN01000046611 | ||
| 049 | _aSEP | ||
| 050 | 4 |
_aLA427 _bG6.6 1943 |
|
| 100 | 1 |
_aGonzález Garza, Federico, _d1876-1951 _931511 |
|
| 245 | 1 | 3 |
_aEl problema fundamental de México / _cFederico González Garza. |
| 260 |
_aMéxico : _bSEP, _c1943. |
||
| 300 | _a86 p. | ||
| 500 | _aDisponible en la Colección Medina | ||
| 650 | 4 |
_aEducación superior _zMéxico _94968 |
|
| 905 | _aLibro | ||
| 999 |
_c46611 _d46611 |
||